Joueurs passés par le Racing Club de Strasbourg - Mort subite - Statistiques

Statistiques générales
  • Ce quiz a été pris 495 fois
  • Le résultat moyen est 7 sur 16
Answers on the Grid
Answers color-coded by a green-red scale on the quiz's grid according to % correct below.
Kassoum Ouattara
Marc Keller
Aleksandr Mostovoï
George Weah
Frank Leboeuf
Emmanuel Petit
Kevin Gameiro
Mamadou Niang
Oskar Rohr
Marc Molitor
Abakar Sylla
Aboubakar Scylla
Manuel Emegua
Emanuel Emegha
Jeanricner Bellegarde
Habib Diallo
Abdou Diallo
Youssouf Fofana
Seko Fofana
Kylian Mbappé
Brice Samba
Séji Tavannier
Guéla Doué
Désiré Doué
Pape Matar Sarr
Neymar Santos
Lamine Camara
Andrey Santos
François Keller
Arsène Wenger
 
Statistiques - réponses
Réponse % Correct
Kevin Gameiro
63%
Andrey Santos
58%
Guéla Doué
58%
Emanuel Emegha
56%
Jeanricner Bellegarde
53%
Habib Diallo
52%
Marc Keller
49%
Abakar Sylla
47%
Frank Leboeuf
47%
Arsène Wenger
44%
Mamadou Niang
42%
Youssouf Fofana
39%
François Keller
36%
Oskar Rohr
31%
Aleksandr Mostovoï
30%
Marc Molitor
22%
Aucun quiz correspondant
Distribution des résultats
% des personnes avec chaque résultat
Percentile par nombre de réponses
Votre historique - résultats
Vous n’avez pas pris ce quiz